000 00955nam a2200301Ia 4500
003 OSt
005 20220928130751.0
006 a|||||r|||| 00| 0
007 ta
008 220927b |||||||| |||| 00| 0 eng d
020 _cUKP 38.99
024 _a133350
037 _b79, 08/03/2017, Better Book Service
_cTextual
040 _aSDCL
_cSDCL
_beng
041 _2eng
_aeng
082 _aS8:771, Q6
100 _aDouglas Barbara Ed.
_9476011
245 0 _aHandbook of counseling psychology
250 _a4
260 _aNew Delhi
_bSage
_c2016
300 _axxii,672p.
_ccm.
650 _aApplied Psychology
700 _a Kasket Elaine Ed.
_9476012
700 _a Strawbridge Sheelagh Ed.
_9476013
700 _a Woolfe Ray Ed.
_9471626
942 _hS8:771, Q6
_cTEXL
_2CC
999 _c788474
_d788474